LEADER 00879nam a2200205 4500 001 000000337658 003 CaOOAMICUS 005 20220321125458.0 008 191031s1811 au a 000 u ger r 040 $aSeMil$bita 100 11$aWilhelm, Gottlieb Tobias,$d<1758-1811>.$0(OLS)http://semarc/name/110438 245 00$a3. Theil. 264 1$aWien :$bgedruckt auf Kosten des Herausgebers,$c1811. 300 $a416, [12] p., LI carte di tav. :$bill. color. ;$c8° 773 0 $tDer Insecten 1. [-3. Theil].$dWien : gedruckt auf Kosten des Herausgebers, 1810-1811.$w()337653 850 $aSeMil 852 $aSeMil$W1$xVenegono$y1$m3XD VII 27 FA$j217152$B229214$CSeMilBibl$Z2$F229214 $8I 996 $6245$a3. Theil$9(OLS)http://semarc/title/305758 996 $6264$aWien :$bgedruckt auf Kosten des Herausgebers$9(OLS)http://semarc/publisher/58664 LEADER 01231nam a2200277 i 4500 001 000000036824 003 CaOOAMICUS 005 20100804000000.0 008 100804n it u000 u ita u 013 $a6683 040 $aSeMil$bita 100 1 $aMaslow, Abraham Harold.$0(OLS)http://semarc/name/17460 240 10$aMotivation and personality.$0(OLS)http://semarc/title/51230 245 10$aMotivazione e personalitą /$cAbraham H. Maslow ; [trad. di Emanuele Riverso]. 300 $a542 p. ;$c22 cm. 490 0 $aSerie di psicologia ;$v12 650 4$aPersonalitą - Psicologia.$0(OLS)http://semarc/subject/7208 650 4$aRelazioni interpersonali.$0(OLS)http://semarc/subject/6505 650 4$aMotivazione .$0(OLS)http://semarc/subject/7209 650 4$aRealizzazione di sč - Psicologia.$0(OLS)http://semarc/subject/7210 700 1 $aRiverso, Emanuele,$d<1928-2007>.$0(OLS)http://semarc/name/16196 830 0$aSerie di psicologia ;$v12.$0(OLS)http://semarc/title/17495 850 $aSeMil 852 $aSeMil$W1$xVenegono$y1$m2O III 294$j2979$B2979$CSeMilBibl$Z2$F2979 $81 961 $aOmaggio: Agenzia internazionale 996 $6245$aMotivazione e personalitą$9(OLS)http://semarc/title/51229